[Event "DEM U10/U10w 2015"]
[Site "Willingen GER"]
[Date "2015.05.29"]
[Round "10"]
[White "Röhr, Oliver"]
[Black "Krastev, Alexander"]
[Result "0-1"]
[Termination "normal"]
[Board "1"]
[WhiteElo "1453"]
[BlackElo "1940"]
[WhiteClock "00:41:39"]
[BlackClock "00:13:53"]
[PlyCount "132"]
[WhiteFideId "12987697"]
[BlackFideId "12989983"]
[EventCountry "GER"]
[EventRounds "11"]
[EventType "swiss"]
[EventDate "2015.05.23"]

1. e4 e5 2. Nf3 Nc6 3. d4 exd4 4. Nxd4 Nf6 5. Nxc6 bxc6 6. e5 Qe7 7. Qe2 Nd5 8.
c4 Ba6 9. b3 Rb8 10. f4 g6 11. Qf2 Nb6 12. c5 Bxf1 13. cxb6 Ba6 14. bxc7 Ra8
15. Ba3 Qe6 16. Bxf8 Kxf8 17. Nc3 Qe7 18. Qd4 d5 19. Qa4 Qc5 20. Qxa6 Qxc3+ 21.
Kf2 Qd4+ 22. Ke2 Qe4+ 23. Kd1 Qd4+ 24. Ke2 Qe4+ 25. Kd1 Kg7 26. Qxc6 Qd4+ 27.
Ke2 Qxf4 28. Qf6+ Qxf6 29. exf6+ Kxf6 30. Rac1 Ke7 31. Rc6 Kd7 32. Rhc1 Rae8+
33. Kd3 Kc8 34. R1c2 Re7 35. R6c5 Rhe8 36. Kd4 Rd7 37. a4 Re4+ 38. Kd3 Rb4 39.
R2c3 d4 40. R3c4 Rxb3+ 41. Ke4 Re3+ 42. Kf4 Re2 43. Kf3 d3 44. Rc1 Ree7 45. Rd1
d2 46. Rc2 Rd3+ 47. Kf2 Red7 48. Ke2 f5 49. Rdxd2 Rxd2+ 50. Rxd2 Rxd2+ 51. Kxd2
Kxc7 52. Ke3 Kd6 53. Kf4 h6 54. h4 Ke6 55. g4 fxg4 56. Kxg4 a5 57. h5 g5 58.
Kf3 Kd5 59. Kg4 Kc4 60. Kf5 Kb4 61. Kg6 g4 62. Kxh6 g3 63. Kh7 g2 64. h6 g1=Q
65. Kh8 Kxa4 66. h7 Qh2 0-1

[Event "DEM U10/U10w 2015"]
[Site "Willingen GER"]
[Date "2015.05.29"]
[Round "10"]
[White "Bethke, Richard"]
[Black "Musiolik, David"]
[Result "0-1"]
[Termination "normal"]
[Board "2"]
[WhiteElo "1655"]
[BlackElo "1629"]
[WhiteClock "00:18:28"]
[BlackClock "00:24:10"]
[PlyCount "154"]
[WhiteFideId "12959243"]
[BlackFideId "12972355"]
[EventCountry "GER"]
[EventRounds "11"]
[EventType "swiss"]
[EventDate "2015.05.23"]

1. d4 d5 2. c4 e6 3. Nc3 Nf6 4. Bf4 Bd6 5. Be5 Nbd7 6. Bxd6 cxd6 7. cxd5 Nxd5
8. Nxd5 exd5 9. e3 O-O 10. Nf3 Nb6 11. b3 Bf5 12. Bd3 Qd7 13. O-O Rac8 14. Qb1
Bxd3 15. Qxd3 Rc7 16. Rac1 Rfc8 17. Rxc7 Qxc7 18. Qf5 Qc2 19. Qh5 h6 20. a4
Qxb3 21. Qg4 Qxa4 22. Nh4 Qd7 23. Nf5 g6 24. Nxh6+ Kg7 25. f4 Kxh6 26. f5 Rh8
27. Qf4+ g5 28. Qg4 f6 29. h4 Rg8 30. Rf3 Qe7 31. Rh3 Kg7 32. hxg5 fxg5 33. Qh5
Kf8 34. Qh6+ Ke8 35. Rf3 Kd7 36. Qh5 Qf6 37. Rf1 Rh8 38. Qe2 Kc7 39. Ra1 Kb8
40. Qa2 a6 41. Qb3 Ka7 42. Rb1 Qd8 43. e4 dxe4 44. Kf2 d5 45. Qb4 g4 46. Ke2
Qc7 47. f6 Qc4+ 48. Qxc4 Nxc4 49. Rf1 Rf8 50. g3 Nd6 51. Rf4 Kb6 52. Rxg4 Rxf6
53. Rg8 Nf5 54. g4 Ne7 55. Rg7 Ng6 56. g5 Re6 57. Rd7 Kc6 58. Rf7 b6 59. Rf1 b5
60. Kd2 b4 61. Kc1 Kb5 62. Kb2 a5 63. Kb3 a4+ 64. Ka2 Kc4 65. Rc1+ Kxd4 66.
Rd1+ Kc4 67. Rc1+ Kb5 68. Rd1 e3 69. Kb2 e2 70. Re1 Nf4 71. g6 Nd3+ 72. Kb1
Nxe1 73. g7 Rg6 74. Kc1 Nd3+ 75. Kd2 e1=Q+ 76. Kc2 Qe2+ 77. Kb1 Qb2# 0-1

[Event "DEM U10/U10w 2015"]
[Site "Willingen GER"]
[Date "2015.05.29"]
[Round "10"]
[White "Wagner, Leopold Franziskus"]
[Black "Haufe, Laurin"]
[Result "1/2-1/2"]
[Termination "normal"]
[Board "3"]
[WhiteElo "1803"]
[BlackElo "1575"]
[WhiteClock "00:02:22"]
[BlackClock "00:16:15"]
[PlyCount "162"]
[WhiteFideId "1641581"]
[BlackFideId "12976504"]
[EventCountry "GER"]
[EventRounds "11"]
[EventType "swiss"]
[EventDate "2015.05.23"]

1. e4 c5 2. Nf3 d6 3. d4 cxd4 4. Nxd4 Nf6 5. f3 a6 6. Be2 e5 7. Nb3 Be7 8. O-O
O-O 9. c4 Nbd7 10. Nc3 Nc5 11. Be3 Bd7 12. Qd2 Rc8 13. Rfd1 Qc7 14. Rac1 Rfd8
15. Nd5 Nxd5 16. exd5 Qb8 17. Nxc5 dxc5 18. Bd3 Bd6 19. h3 h6 20. Qc2 b6 21. b3
Qb7 22. Bd2 Qc7 23. Re1 Re8 24. Re2 Qa7 25. Rce1 Bb8 26. Qc1 Qc7 27. g3 Qd6 28.
h4 Qf6 29. Be4 Rcd8 30. Kg2 Rc8 31. Qc2 Qd6 32. g4 Qe7 33. Rh1 Qd6 34. Qc1 Kf8
35. Kf1 a5 36. a4 Ke7 37. Ke1 Kd8 38. Kd1 Kc7 39. Kc2 Kb7 40. Bc3 Ka7 41. Qb2
f6 42. Kb1 Rh8 43. Bd2 g5 44. hxg5 hxg5 45. Reh2 Rxh2 46. Rxh2 Rg8 47. Qc1 Ka6
48. Qh1 Qf8 49. Rh6 Bd6 50. Kb2 Bc8 51. Qh5 Bd7 52. Bg6 Be7 53. Rh7 Rg7 54. Qh6
Rxh7 55. Qxh7 Be8 56. Bxe8 Qxe8 57. Qf5 Qd8 58. Qe6 Qd6 59. Qc8+ Ka7 60. Qf5
Ka6 61. Qe4 Kb7 62. Bc3 Ka6 63. Qf5 Kb7 64. Kc2 Kc7 65. Kd3 Qd7 66. Qg6 Kd6 67.
Ke4 Kc7 68. Qh6 Qe8 69. Qh7 Kd6 70. Kf5 Qd7+ 71. Kg6 Qe8+ 72. Kf5 Qd7+ 73. Ke4
Qe8 74. Qh6 Kc7 75. Qg7 Kd7 76. Kf5 Kd8 77. Ke4 Kc7 78. Qh7 Qd7 79. Qf7 Bd8 80.
Qxd7+ Kxd7 81. Kf5 Kd6 1/2-1/2

[Event "DEM U10/U10w 2015"]
[Site "Willingen GER"]
[Date "2015.05.29"]
[Round "10"]
[White "Lutz, Ruben"]
[Black "Prieb, Robert"]
[Result "1-0"]
[Termination "normal"]
[Board "4"]
[WhiteElo "1524"]
[BlackElo "1426"]
[WhiteClock "00:22:14"]
[BlackClock "00:33:38"]
[PlyCount "115"]
[WhiteFideId "12975974"]
[BlackFideId "16212002"]
[EventCountry "GER"]
[EventRounds "11"]
[EventType "swiss"]
[EventDate "2015.05.23"]

1. d4 Nf6 2. Nf3 g6 3. Bg5 Bg7 4. Nbd2 O-O 5. c3 d6 6. e4 h6 7. Bh4 Nc6 8. Bc4
Bg4 9. Qc2 Qd7 10. O-O e5 11. dxe5 Nxe5 12. Nxe5 dxe5 13. f3 Be6 14. Rad1 Bxc4
15. Nxc4 Qe6 16. Qb3 b6 17. Bf2 Rad8 18. Ne3 Qxb3 19. axb3 Nd7 20. b4 Nf6 21.
Rfe1 Rfe8 22. Kf1 Kf8 23. Ke2 Ke7 24. Bh4 Rxd1 25. Rxd1 c6 26. Ra1 Ra8 27. Nc4
g5 28. Bf2 b5 29. Nxe5 Nxe4 30. Nxc6+ Kd7 31. fxe4 Kxc6 32. Rxa7 Rxa7 33. Bxa7
Kd6 34. Bd4 Bxd4 35. cxd4 h5 36. Kf3 Ke6 37. h3 f6 38. g4 h4 39. d5+ Kd6 40.
Ke2 Kc7 41. Kd3 Kd7 42. Kd4 Kd6 43. b3 Kd7 44. Kc5 Kc7 45. Kxb5 Kb7 46. d6 Kc8
47. Kc6 Kd8 48. d7 f5 49. exf5 Ke7 50. Kc7 Kf6 51. d8=Q+ Ke5 52. Qxg5 Kd4 53.
f6 Kc3 54. f7 Kxb4 55. f8=Q+ Kxb3 56. Qc1 Ka4 57. Qca3+ Kb5 58. Qfc5# 1-0

[Event "DEM U10/U10w 2015"]
[Site "Willingen GER"]
[Date "2015.05.29"]
[Round "10"]
[White "Kirchner, Markus"]
[Black "Pubantz, Jan"]
[Result "0-1"]
[Termination "normal"]
[Board "5"]
[WhiteElo "1633"]
[BlackElo "1363"]
[WhiteClock "00:09:42"]
[BlackClock "00:03:06"]
[PlyCount "80"]
[WhiteFideId "12979163"]
[BlackFideId "12996114"]
[EventCountry "GER"]
[EventRounds "11"]
[EventType "swiss"]
[EventDate "2015.05.23"]

1. e4 c6 2. Nc3 d5 3. Nf3 Bg4 4. h3 Bh5 5. exd5 cxd5 6. Bb5+ Nc6 7. g4 Bg6 8.
Ne5 Qc7 9. d4 e6 10. h4 f6 11. Nxg6 hxg6 12. Be3 Kf7 13. Qd2 Bd6 14. O-O-O Nge7
15. Kb1 a6 16. Bd3 Nb4 17. Be2 Rac8 18. a3 Nbc6 19. f4 b5 20. Na2 Na5 21. Bd3
Nc4 22. Bxc4 bxc4 23. Nc3 Qb7 24. Ka2 Rb8 25. Rb1 f5 26. g5 Nc6 27. Qe2 Rh5 28.
Qf2 Na7 29. Qd2 Nb5 30. Nxb5 axb5 31. c3 Qa6 32. Qf2 b4 33. cxb4 Bxb4 34. Bd2
Bd6 35. Qe1 Rb3 36. Qc1 Rh8 37. h5 gxh5 38. g6+ Ke7 39. Be1 Ra8 40. Bh4+ Kd7
0-1

[Event "DEM U10/U10w 2015"]
[Site "Willingen GER"]
[Date "2015.05.29"]
[Round "10"]
[White "Kosev, Momchil"]
[Black "Zeuner, Ole"]
[Result "1-0"]
[Termination "normal"]
[Board "6"]
[WhiteElo "1391"]
[BlackElo "1484"]
[WhiteClock "00:41:28"]
[BlackClock "00:18:07"]
[PlyCount "67"]
[WhiteFideId "12975982"]
[BlackFideId "12943576"]
[EventCountry "GER"]
[EventRounds "11"]
[EventType "swiss"]
[EventDate "2015.05.23"]

1. c4 e5 2. Nc3 d6 3. g3 Nc6 4. Bg2 Be6 5. d3 Be7 6. Rb1 Qd7 7. b4 Nf6 8. b5
Na5 9. Qa4 c6 10. Qxa5 O-O 11. Nf3 h6 12. O-O Ng4 13. bxc6 bxc6 14. Qa6 Rab8
15. Bd2 f5 16. Rxb8 Rxb8 17. Rb1 Rxb1+ 18. Nxb1 Nf6 19. Nc3 g5 20. Be3 f4 21.
Bxa7 g4 22. Nd2 d5 23. Qa4 Qb7 24. Nb3 Kf7 25. c5 Bd8 26. Bb6 Bxb6 27. Qb4 Nd7
28. Na4 Qa6 29. cxb6 c5 30. Nbxc5 Nxc5 31. Nxc5 Qxa2 32. Nxe6 Kxe6 33. b7 Qa1+
34. Bf1 1-0

[Event "DEM U10/U10w 2015"]
[Site "Willingen GER"]
[Date "2015.05.29"]
[Round "10"]
[White "Deutsch, Christoph"]
[Black "Marschall, Tillmann"]
[Result "0-1"]
[Termination "normal"]
[Board "7"]
[WhiteElo "1291"]
[BlackElo "1423"]
[WhiteClock "01:16:19"]
[BlackClock "01:16:21"]
[PlyCount "118"]
[WhiteFideId "16206878"]
[BlackFideId "12973220"]
[EventCountry "GER"]
[EventRounds "11"]
[EventType "swiss"]
[EventDate "2015.05.23"]

1. e4 c6 2. d4 d5 3. Nc3 dxe4 4. Nxe4 Bf5 5. Ng3 Bg6 6. Nf3 Nd7 7. Bd3 Bxd3 8.
Qxd3 Qc7 9. O-O Ngf6 10. c4 e6 11. b3 Be7 12. Bb2 O-O 13. Rfe1 Rfd8 14. Qc2
Rac8 15. Rad1 b5 16. Ne5 Qb6 17. Nf3 a6 18. Ne5 Nxe5 19. dxe5 Nd7 20. Ne4 c5
21. Nd6 Rc6 22. Ne4 Qc7 23. Ng3 Nf8 24. Rxd8 Qxd8 25. Rd1 Qc7 26. Qd2 Rb6 27.
Bc3 Rb8 28. Qe2 b4 29. Bb2 Rd8 30. Ne4 Ng6 31. Rxd8+ Qxd8 32. Qd2 Qxd2 33. Nxd2
Nf4 34. Ne4 Nd3 35. Ba1 Nc1 36. Kf1 Nxa2 37. Bb2 f5 38. Nd6 Bxd6 39. exd6 Kf8
40. Ke2 Nc3+ 41. Bxc3 bxc3 42. Kd3 Ke8 43. Kxc3 a5 44. Kd3 Kd7 45. Ke3 Kxd6 46.
Kf4 h6 47. h4 g6 48. g3 e5+ 49. Ke3 g5 50. f4 exf4+ 51. gxf4 g4 52. h5 Kc6 53.
Kf2 a4 54. bxa4 Kb6 55. Ke3 Ka5 56. Kd3 Kxa4 57. Ke3 Kb4 58. Kd3 Kb3 59. Ke3
Kxc4 0-1

[Event "DEM U10/U10w 2015"]
[Site "Willingen GER"]
[Date "2015.05.29"]
[Round "10"]
[White "Colbow, Collin"]
[Black "Bui, Bao Anh Le"]
[Result "1/2-1/2"]
[Termination "normal"]
[Board "8"]
[WhiteElo "1489"]
[BlackElo "1660"]
[WhiteClock "00:12:01"]
[BlackClock "00:02:47"]
[PlyCount "61"]
[WhiteFideId "16201132"]
[BlackFideId "12970719"]
[EventCountry "GER"]
[EventRounds "11"]
[EventType "swiss"]
[EventDate "2015.05.23"]

1. e4 c5 2. Nf3 d6 3. d4 cxd4 4. Nxd4 Nf6 5. Nc3 a6 6. Be3 e5 7. Nf3 Qc7 8. a4
h6 9. Be2 Be6 10. O-O Be7 11. a5 Nbd7 12. Qd2 O-O 13. Rfd1 Ng4 14. h3 Nxe3 15.
Qxe3 Rac8 16. Nh2 Nf6 17. Ng4 Nxg4 18. Bxg4 Rcd8 19. Bxe6 fxe6 20. Qe2 Qc5 21.
Qe3 Qxe3 22. fxe3 Bg5 23. Rd3 Rf7 24. Rad1 Be7 25. Nb1 Rc8 26. Na3 Rc5 27. b4
Rc7 28. Rb3 Bf8 29. c4 Rfd7 30. Rbd3 Rf7 31. Rb3 1/2-1/2

[Event "DEM U10/U10w 2015"]
[Site "Willingen GER"]
[Date "2015.05.29"]
[Round "10"]
[White "Weihrauch, Jakob"]
[Black "Nguyen, Phuong Thao Vivien"]
[Result "1-0"]
[Termination "normal"]
[Board "9"]
[WhiteElo "1594"]
[BlackElo "1195"]
[PlyCount "55"]
[WhiteFideId "16210115"]
[BlackFideId "16210735"]
[EventCountry "GER"]
[EventRounds "11"]
[EventType "swiss"]
[EventDate "2015.05.23"]

1. e4 c5 2. Nf3 d6 3. d4 cxd4 4. Nxd4 Nf6 5. Nc3 g6 6. Be3 Bg7 7. f3 O-O 8. Qd2
Nc6 9. O-O-O d5 10. exd5 Nxd5 11. Nxc6 bxc6 12. Bd4 e5 13. Bc5 Be6 14. Ne4 Re8
15. h4 h5 16. Be2 Nf4 17. Qe1 Nxe2+ 18. Qxe2 Qc7 19. Kb1 Qa5 20. a3 Bd5 21. Bb4
Qb6 22. g4 f6 23. gxh5 gxh5 24. Rhg1 Kh7 25. Qg2 Rg8 26. Qg6+ Kh8 27. Qxh5+ Bh6
28. Qxh6# 1-0

[Event "DEM U10/U10w 2015"]
[Site "Willingen GER"]
[Date "2015.05.29"]
[Round "10"]
[White "Evering, Sören"]
[Black "Simukov, Erik"]
[Result "1-0"]
[Termination "normal"]
[Board "10"]
[WhiteElo "1712"]
[BlackElo "1515"]
[PlyCount "101"]
[WhiteFideId "12974650"]
[BlackFideId "12995380"]
[EventCountry "GER"]
[EventRounds "11"]
[EventType "swiss"]
[EventDate "2015.05.23"]

1. e4 e5 2. Nf3 Nc6 3. Bb5 a6 4. Ba4 Nf6 5. O-O b5 6. Bb3 Be7 7. Re1 O-O 8. c3
d6 9. h3 Bb7 10. d4 Nd7 11. Nbd2 Na5 12. Bc2 c5 13. Nf1 Nc6 14. Ng3 Bf6 15. d5
Ne7 16. Nh5 Rc8 17. Nxf6+ Nxf6 18. Bg5 Ng6 19. Nh2 h6 20. Be3 Rb8 21. Qe2 Bc8
22. b3 b4 23. c4 Re8 24. a3 a5 25. Ra2 Rb7 26. Rea1 a4 27. axb4 axb3 28. Bxb3
Nxe4 29. Qd3 Rxb4 30. Ba4 Ba6 31. Rc1 Nxf2 32. Kxf2 Qh4+ 33. Kg1 Rxc4 34. Rxc4
Bxc4 35. Qd1 Bxa2 36. Bxe8 Qe4 37. Bf2 Bxd5 38. Nf3 Nf4 39. Bd7 f5 40. h4 g5
41. hxg5 hxg5 42. Qf1 g4 43. Ng5 Nh3+ 44. Nxh3 gxh3 45. Bg3 Qg4 46. Qf2 hxg2
47. Bxf5 Qh5 48. Bh4 e4 49. Qxg2+ Kf7 50. Bxe4 Bxe4 51. Qxe4 1-0

[Event "DEM U10/U10w 2015"]
[Site "Willingen GER"]
[Date "2015.05.29"]
[Round "10"]
[White "Hetzner, Hannes"]
[Black "Hommer, Jeremy"]
[Result "1-0"]
[Termination "normal"]
[Board "11"]
[WhiteElo "1361"]
[BlackElo "1570"]
[PlyCount "147"]
[WhiteFideId "16211936"]
[BlackFideId "12992577"]
[EventCountry "GER"]
[EventRounds "11"]
[EventType "swiss"]
[EventDate "2015.05.23"]

1. e4 c6 2. Nf3 d5 3. exd5 cxd5 4. Ne5 Nf6 5. Bb5+ Bd7 6. Nxd7 Nbxd7 7. O-O e6
8. d4 Qc7 9. Nc3 Bd6 10. h3 O-O 11. Bg5 Rab8 12. Re1 Rfc8 13. Bd3 a6 14. Ne2 b5
15. c3 a5 16. Rc1 Qb7 17. Qd2 b4 18. Rb1 a4 19. Bc2 b3 20. axb3 axb3 21. Bd1
Ne4 22. Qe3 Qa7 23. Bf4 Bxf4 24. Nxf4 Rc4 25. Nd3 Rb6 26. Nb4 Qa4 27. Be2 Rcxb4
28. cxb4 Qxb4 29. Bf3 Nd2 30. Rbc1 Nc4 31. Qc3 Qd6 32. Bd1 Qb8 33. Be2 Rc6 34.
Ra1 Qb7 35. Ra4 Ndb6 36. Qxb3 Rc7 37. Rb4 Qc6 38. Rc1 Qd7 39. Rc3 g6 40. Qc2
Qd6 41. Rbb3 Na4 42. Rb8+ Kg7 43. Qxa4 Nxb2 44. Qb4 Qxb4 45. Rxb4 Rxc3 46. Rxb2
h5 47. Bf3 Rc4 48. Rd2 Kf6 49. Kh2 Kg5 50. g3 h4 51. gxh4+ Kxh4 52. Be2 Rb4 53.
Ba6 Ra4 54. Bb5 Rb4 55. Be8 Rb3 56. Bxf7 Rxh3+ 57. Kg2 Rb3 58. Bxe6 Rb5 59. Kf3
Kg5 60. Re2 Kf6 61. Re5 Rb4 62. Ke3 Rb3+ 63. Kd2 Rb2+ 64. Kc3 Rxf2 65. Bxd5 g5
66. Re1 g4 67. Kc4 Rf5 68. Kc5 g3 69. Kc6 Rg5 70. Bg2 Rf5 71. Rf1 Rf2 72. Rxf2+
gxf2 73. d5 Ke7 74. Kc7 1-0

[Event "DEM U10/U10w 2015"]
[Site "Willingen GER"]
[Date "2015.05.29"]
[Round "10"]
[White "Schröder, Lennart"]
[Black "Lutz, Adam"]
[Result "1/2-1/2"]
[Termination "normal"]
[Board "12"]
[WhiteElo "1339"]
[BlackElo "1481"]
[PlyCount "71"]
[WhiteFideId "16222490"]
[BlackFideId "16226615"]
[EventCountry "GER"]
[EventRounds "11"]
[EventType "swiss"]
[EventDate "2015.05.23"]

1. d4 d5 2. c4 e6 3. Nc3 Nf6 4. Bg5 Nbd7 5. cxd5 exd5 6. Nf3 c6 7. e3 Be7 8.
Bd3 h6 9. Bh4 O-O 10. O-O Nb6 11. h3 Be6 12. Qc2 Rc8 13. Rac1 Qd7 14. Rfe1 Qd8
15. Ne5 Nbd7 16. Nxd7 Nxd7 17. Bxe7 Qxe7 18. Na4 Rfe8 19. Nc5 Nxc5 20. Qxc5
Qxc5 21. Rxc5 Kf8 22. Rec1 Ke7 23. f3 Red8 24. b4 g6 25. b5 cxb5 26. Bxb5 Rxc5
27. Rxc5 Rc8 28. Rxc8 Bxc8 29. Kf2 Bd7 30. Bd3 a5 31. Ke2 b5 32. Kd2 Kf6 33. e4
dxe4 34. fxe4 Kg5 35. Ke3 b4 36. Bc4 1/2-1/2

[Event "DEM U10/U10w 2015"]
[Site "Willingen GER"]
[Date "2015.05.29"]
[Round "10"]
[White "Stockmann, Till"]
[Black "Mailitis, Ricardo"]
[Result "1-0"]
[Termination "normal"]
[Board "13"]
[WhiteElo "1442"]
[BlackElo "1370"]
[PlyCount "145"]
[WhiteFideId "12979341"]
[BlackFideId "12977535"]
[EventCountry "GER"]
[EventRounds "11"]
[EventType "swiss"]
[EventDate "2015.05.23"]

1. e4 e5 2. Nf3 Nc6 3. d4 exd4 4. Bc4 Nf6 5. e5 d5 6. Bb5 Ng4 7. h3 Nh6 8. Nxd4
Bd7 9. Bxc6 bxc6 10. O-O Ng8 11. f4 Qh4 12. Qf3 Bc5 13. Be3 Ne7 14. Nd2 O-O 15.
N2b3 Bxd4 16. Nxd4 Nf5 17. Rae1 Nxd4 18. Bxd4 Bf5 19. Rf2 Be4 20. Qc3 Qh6 21.
Be3 Qg6 22. Ref1 f5 23. Bd4 Rf7 24. Re1 Re7 25. Re3 Qh6 26. Rg3 Qe6 27. Qb3 Qc8
28. Qa4 Re6 29. Ra3 a6 30. Rb3 Rg6 31. Qb4 Re6 32. Qb7 Qxb7 33. Rxb7 Re7 34.
Bb6 Rae8 35. Rxc7 Rxc7 36. Bxc7 Re7 37. Bd6 Rb7 38. c3 Kf7 39. b4 g6 40. g4 Ke6
41. Kh2 Rf7 42. g5 Ra7 43. Rb2 Kd7 44. Rb3 Bd3 45. Ra3 Bb5 46. h4 Ke6 47. Kg3
Rb7 48. Kf3 Bc4 49. Ke3 Bb5 50. Rb3 Bc4 51. Rb2 Bb5 52. Kd4 Bc4 53. a4 Kd7 54.
Kc5 Bd3 55. Kd4 Bc4 56. Rb1 Be2 57. Kc5 Bd3 58. Re1 Be4 59. c4 dxc4 60. Kxc4
Bd5+ 61. Kc5 Ke6 62. Re3 Kd7 63. Rh3 Bf7 64. Rh2 Be8 65. Rb2 Ke6 66. Rd2 Kf7
67. e6+ Kxe6 68. Re2+ Kf7 69. Re5 Bd7 70. Re7+ Kg8 71. Be5 Kf8 72. Rxh7 Bc8 73.
Rh8+ 1-0

[Event "DEM U10/U10w 2015"]
[Site "Willingen GER"]
[Date "2015.05.29"]
[Round "10"]
[White "Breß, Aaron"]
[Black "Dietz, Kristin"]
[Result "1-0"]
[Termination "normal"]
[Board "14"]
[WhiteElo "1674"]
[BlackElo "1249"]
[PlyCount "91"]
[WhiteFideId "12996432"]
[BlackFideId "12993743"]
[EventCountry "GER"]
[EventRounds "11"]
[EventType "swiss"]
[EventDate "2015.05.23"]

1. c4 e5 2. Nc3 Nf6 3. g3 d5 4. cxd5 Nxd5 5. Bg2 Nb6 6. Nf3 Nc6 7. O-O Be7 8.
d3 O-O 9. Bd2 Be6 10. a3 f6 11. b4 Rb8 12. Qc2 Qd7 13. Rac1 Rfc8 14. Rfd1 a6
15. Qb2 Nd5 16. Ne4 Ra8 17. Rc2 a5 18. b5 Na7 19. a4 b6 20. Ne1 Rab8 21. Rcc1
c6 22. bxc6 Nxc6 23. Nc3 Nd4 24. e3 Nxc3 25. Bxc3 Nb3 26. Rb1 Qxa4 27. Nc2 Qc6
28. Bxc6 Rxc6 29. Na1 Nxa1 30. Qxa1 Rbc8 31. Rdc1 Bd8 32. Bd2 R6c7 33. Rxc7
Rxc7 34. Rxb6 Re7 35. Rb8 Re8 36. Bxa5 Kf7 37. Rxd8 Re7 38. Bb4 Rb7 39. Rf8+
Kg6 40. Qa6 Bd5 41. Qa8 Rb5 42. Qe8+ Bf7 43. Qxf7+ Kh6 44. Rg8 Kg5 45. Qxg7+
Kf5 46. Qg4# 1-0

[Event "DEM U10/U10w 2015"]
[Site "Willingen GER"]
[Date "2015.05.29"]
[Round "10"]
[White "Schubert, Nikita"]
[Black "Ziegenfuß, Antonia"]
[Result "1/2-1/2"]
[Termination "normal"]
[Board "15"]
[WhiteElo "1216"]
[BlackElo "1627"]
[PlyCount "74"]
[WhiteFideId "16212339"]
[BlackFideId "12962554"]
[EventCountry "GER"]
[EventRounds "11"]
[EventType "swiss"]
[EventDate "2015.05.23"]

1. d4 d5 2. c4 e5 3. e3 dxc4 4. Bxc4 exd4 5. Qxd4 Qxd4 6. exd4 Nf6 7. Bf4 c6 8.
Nf3 Bb4+ 9. Nbd2 O-O 10. O-O Bf5 11. a3 Ba5 12. Nb3 Bb6 13. Nc5 Bxc5 14. dxc5
Nbd7 15. b4 Rfe8 16. Rfe1 h6 17. Ne5 Nxe5 18. Bxe5 Ne4 19. Bb2 Rad8 20. f3 Ng5
21. Rxe8+ Rxe8 22. Rd1 Kf8 23. Kf2 f6 24. g4 Be6 25. Bxe6 Nxe6 26. Rd7 Re7 27.
Rxe7 Kxe7 28. h4 Nf4 29. Ke3 Nd5+ 30. Ke4 Ke6 31. Ba1 Nc7 32. f4 Nd5 33. g5
hxg5 34. hxg5 fxg5 35. fxg5 g6 36. Bb2 a6 37. Bd4 Ne7 1/2-1/2

[Event "DEM U10/U10w 2015"]
[Site "Willingen GER"]
[Date "2015.05.29"]
[Round "10"]
[White "Toval, David"]
[Black "Stahnecker, Hagen"]
[Result "1-0"]
[Termination "normal"]
[Board "16"]
[WhiteElo "1528"]
[BlackElo "1257"]
[PlyCount "73"]
[WhiteFideId "12992755"]
[BlackFideId "16225422"]
[EventCountry "GER"]
[EventRounds "11"]
[EventType "swiss"]
[EventDate "2015.05.23"]

1. e4 e5 2. Nf3 Nc6 3. Bb5 a6 4. Ba4 Nf6 5. O-O Be7 6. Re1 b5 7. Bb3 d6 8. c3
O-O 9. d4 Bg4 10. d5 Na5 11. Bc2 c5 12. Nbd2 Qc7 13. Nf1 Nc4 14. b3 Nb6 15. Ng3
c4 16. b4 Nc8 17. h3 Bd7 18. Nf5 Bd8 19. Ng5 Ne7 20. Ng3 Ng6 21. Be3 Qb7 22.
Kh1 h6 23. Nf3 Bb6 24. Qd2 Bxe3 25. fxe3 Qc8 26. Nf5 Re8 27. Nxd6 Qc7 28. Nxe8
Rxe8 29. Qf2 Qc8 30. Rf1 Nh5 31. g4 Bxg4 32. hxg4 Qxg4 33. Rg1 Qh3+ 34. Nh2 Nh4
35. Rg4 Ng6 36. Qf3 Qxf3+ 37. Nxf3 1-0

[Event "DEM U10/U10w 2015"]
[Site "Willingen GER"]
[Date "2015.05.29"]
[Round "10"]
[White "Huo, Da"]
[Black "Lohvinov, Petro"]
[Result "0-1"]
[Termination "normal"]
[Board "17"]
[WhiteElo "1179"]
[BlackElo "1418"]
[PlyCount "86"]
[WhiteFideId "16221206"]
[BlackFideId "14176661"]
[EventCountry "GER"]
[EventRounds "11"]
[EventType "swiss"]
[EventDate "2015.05.23"]

1. e4 e5 2. Nf3 Nc6 3. Bc4 Nf6 4. d3 Bc5 5. c3 d6 6. b4 Bb6 7. a4 a6 8. Qb3 O-O
9. Nbd2 Ne7 10. O-O c6 11. d4 exd4 12. cxd4 d5 13. exd5 cxd5 14. Bd3 Ng6 15. b5
Re8 16. Bb2 Ne4 17. Rfe1 Be6 18. Qc2 Rc8 19. Qd1 Nxd2 20. Qxd2 Ba5 21. Qe3 Bxe1
22. Rxe1 Bd7 23. Qd2 Rxe1+ 24. Qxe1 axb5 25. axb5 Qe8 26. Qxe8+ Rxe8 27. g3 Bg4
28. Kg2 f6 29. Bxg6 hxg6 30. Ba3 Kf7 31. Bc5 Rh8 32. Ng1 Bd7 33. b6 Ke6 34. g4
Kf7 35. Kg3 Ra8 36. Nf3 Re8 37. g5 Re4 38. h4 Bg4 39. Nh2 Bh5 40. f3 Re3 41.
Ng4 Bxg4 42. Kxg4 Rc3 43. f4 f5# 0-1

[Event "DEM U10/U10w 2015"]
[Site "Willingen GER"]
[Date "2015.05.29"]
[Round "10"]
[White "Volk, Oskar"]
[Black "Jahrke, Jonas"]
[Result "0-1"]
[Termination "normal"]
[Board "18"]
[WhiteElo "1078"]
[BlackElo "1372"]
[PlyCount "96"]
[WhiteFideId "16242645"]
[BlackFideId "12984353"]
[EventCountry "GER"]
[EventRounds "11"]
[EventType "swiss"]
[EventDate "2015.05.23"]

1. e4 c5 2. Nc3 e6 3. f4 a6 4. Nf3 Qc7 5. d3 d6 6. g3 b5 7. Bg2 Bb7 8. Be3 Nd7
9. O-O Be7 10. Qe1 Ngf6 11. Bf2 Nb6 12. f5 exf5 13. exf5 O-O 14. Be3 Rfe8 15.
Qd2 Rad8 16. d4 c4 17. Rae1 d5 18. Bf4 Qc8 19. Bh3 Bb4 20. Ne5 Ne4 21. Qe3 Bxc3
22. bxc3 f6 23. Nf3 Nxg3 24. Qf2 Nxf1 25. Rxf1 Re4 26. Qg3 Rde8 27. Bh6 Qd7 28.
Rf2 Kh8 29. Bf4 Re2 30. Rxe2 Rxe2 31. Ne1 Qe8 32. Kf1 h6 33. Qf3 Rxe1+ 34. Kf2
Qe4 35. Qh5 Qe8 36. Qf3 Ra1 37. Bg4 Qe1+ 38. Kg2 Qh1+ 39. Kg3 Qxf3+ 40. Kxf3
Rxa2 41. Bh5 Rxc2 42. Bg6 Rxc3+ 43. Kg4 b4 44. Bd6 b3 45. Bc5 b2 46. Bxb6 b1=Q
47. Bc7 Qd1+ 48. Kh4 Qxd4+ 0-1

[Event "DEM U10/U10w 2015"]
[Site "Willingen GER"]
[Date "2015.05.29"]
[Round "10"]
[White "Henzgen, Nick"]
[Black "Schmidt, Pauline"]
[Result "0-1"]
[Termination "normal"]
[Board "19"]
[WhiteElo "1269"]
[BlackElo "1184"]
[PlyCount "112"]
[WhiteFideId "16212347"]
[BlackFideId "16209850"]
[EventCountry "GER"]
[EventRounds "11"]
[EventType "swiss"]
[EventDate "2015.05.23"]

1. e4 e5 2. Nf3 Nc6 3. Bc4 Bc5 4. c3 Nf6 5. d4 exd4 6. cxd4 Bb4+ 7. Nc3 Nxe4 8.
O-O Bxc3 9. bxc3 d5 10. Bd3 O-O 11. Bb2 Bg4 12. Re1 Ng5 13. Be2 Re8 14. Nxg5
Qxg5 15. Bxg4 Rxe1+ 16. Qxe1 Qxg4 17. h3 Qe6 18. Qd2 Na5 19. Re1 Nc4 20. Rxe6
Nxd2 21. Re7 Nc4 22. Bc1 Rc8 23. Bf4 Nb6 24. Bxc7 Na4 25. Bf4 Nxc3 26. Rxb7
Ne2+ 27. Kh2 Nxf4 28. Rxa7 h6 29. a4 Rc4 30. a5 Ra4 31. a6 Ne6 32. Ra8+ Kh7 33.
Ra7 Nxd4 34. Rd7 Rxa6 35. Rxd5 Ne6 36. Rd7 f6 37. Re7 Rd6 38. g3 h5 39. g4 h4
40. Rb7 Rd2 41. Kg1 Nf4 42. Rb3 Rd3 43. Rxd3 Nxd3 44. Kg2 Nf4+ 45. Kh2 Kh6 46.
f3 g6 47. Kg1 Nxh3+ 48. Kg2 Nf4+ 49. Kh1 Nd3 50. Kg2 f5 51. gxf5 gxf5 52. Kh3
Kg5 53. Kh2 Kf4 54. Kg2 h3+ 55. Kxh3 Kxf3 56. Kh2 Ke2 0-1